01666nam a22001577a 4500003000900000005001700009008004100026040001300067100005100080245010800131250000600239260002000245300001900265490006500284520115900349IT-RoPau20220918175936.0121207b xxu||||| |||| 00| 0 eng d cIT-RoPau aAlberione GiacomoqFondatore Famiglia Paolina  aIl Santo Rosario del religioso.bRitiro mensile tenuto ai Paolini Alba, 30 settembre - 1° ottobre 1933 aI aRomabSSPc1993 a36 p.c21,2 cm aEdizioni Archivio Storico Generale della Famiglia PaolinavI aINDICE Presentazione Il Rosario del religioso Il Rosario è via per il religioso Il Rosario è verità per il religioso Il Rosario è vita per il religioso Appendice - Perchè il Rosario ha tanto potere? Misteri Gaudiosi A. La recita del Rosario istruisce vivifica la fede B. Il Rosario è guida per una vita cristiana C. Il Rosario ottiene grazie spirituali e materiali per l' individuo,la società e l' intera umanità Misteri Dolorosi A. Il Rosario illumina e vivifica la fede B. Il Rosario guida alla vita religiosa C. Il Rosario ottiene grazie spirituali e corporali per l' individuo,la società, per l' umanità intera Misteri Gloriosi A. Il Rosario illumina e vivifica la fede B. Il Rosario guida alla vita spirituale C. Il Rosario ottiene grazie materiali e spirituali per l' individuo,la società, l' intera umanità Il Rosario di Maria Regina degli Apostoli